00714nam a2200217Ia 450000500170000000800410001702000180005804100080007608200150008410000250009924500410012426000380016530000090020350000290021265000360024170000250027790600070030294200070030999900170031695201630033320251118112841.0230125s9999 xx 000 0 und d a0-07-049934-9 aeng a158.1bTHO aThompson C B9214976 aInterviewing Techniques for Managers c2002bTata McGraw HillaNew Delhi a221p aPersonality Development, aPersonality Development9213420 aThompson C B9214976 b39 cBK c87411d87411 00104070aHIMRbHIMRd2008-03-31eBooklandg195.00i6921l2o158.1 THO B06363pHIMR-BK-6363r2026-02-11 15:37:54s2026-02-05v156.00w2008-03-27yBKzB06363